Vznik pohorí a pevnín

Bibliographic Details
Main Author: Obručev, Vladimir Afanasievič, 1863-1956 (Author)
Other Authors: Lieskovská, Elena (Translator)
Format: Book
Language:Slovak
Russian
Published: Bratislava Tatran 1949
Series:Malá náučná knižnica
Subjects:

MARC

LEADER 00000cam a2200000 a 4500
001 vtls008388310
003 SK-MaSNL
005 20260302020054.0
008 230403s1949 xo a 000 0 slo
015 |a SNBA19451955-008405 
035 |a SK01SNKBKSFS20010080527 
035 |a urn:nbn:sk:snk-am3hsyl 
035 |a 931CCA04-403B-4F02-94FB-2B5B2571931D 
035 |a urn:nbn:sk:snk-am00d874 
035 |a SKM000082990 
040 |a SNK  |b slo  |c SNK  |e AACR2 
041 1 |a slo  |h rus 
044 |a xo  |c SK 
080 |a 55  |2 1981 
100 1 |a Obručev, Vladimir Afanasievič,  |d 1863-1956  |4 aut  |9 235018 
245 1 0 |a Vznik pohorí a pevnín  |c V[ladimir] A[fanasjevič] Obručev ; [z rus. orig.] (prel. Elena Lieskovská) 
260 |a Bratislava  |b Tatran  |c 1949  |e Turčiansky Sv. Martin  |f Neografia 
300 |a 41, [4] s.  |b ilustrácie  |c 21 cm 
366 |e 25.000 kusov 
490 1 |a Malá náučná knižnica  |v sv. 11 
650 0 7 |a pohoria  |2 SNKPH  |9 44054 
650 0 7 |a geologický vývoj Zeme  |2 SNKPH  |9 73687 
650 0 7 |a horniny  |2 SNKPH  |9 842 
655 7 |a populárno-náučné publikácie  |2 SNKPH  |9 70460 
700 1 |a Lieskovská, Elena  |4 trl  |9 433149 
830 0 |a Malá náučná knižnica  |9 308631 
852 |a Slovenská národná knižnica 
954 |a odborná, vedecká literatúra cudzojazyčná (svetová)  |2 lita 
958 |a RK 
958 |a TL 
958 |a OP 
958 |a RU 
958 |a OND 
958 |a EUIPO 
999 |c 1023721  |d 1025651 
952 |a SNK  |b SNK  |y VYP  |7 0  |p 17A1562963  |o snkSC 4075/11 D1  |i snkD 1951/61  |8 1  |0 0  |1 0  |4 0  |d 2024-12-20  |l 0  |r 2026-02-24 13:31:34  |w 2026-02-24 
952 |a SNK  |b SNK  |y VYP  |7 0  |p 17A1562962  |o snkSC 4075/11 D2  |i snkF 5908/64  |8 5  |0 0  |1 0  |4 0  |d 2024-12-20  |l 0  |r 2026-02-24 13:31:34  |w 2026-02-24 
952 |a SNK  |b SNK  |y PREZ  |7 0  |p 17A0747811  |o snkSC 4075/11  |i snk1607/49  |0 0  |1 0  |4 0  |d 2018-11-05  |f 1  |l 0  |r 2025-06-25 00:00:00  |w 2026-02-24